The Florida Phosphate Industry (Record no. 3175)

MARC details
000 -LEADER
fixed length control field 00354nam a22001337a 4500
008 - FIXED-LENGTH DATA ELEMENTS--GENERAL INFORMATION
fixed length control field 250424b |||||||| |||| 00| 0 eng d
020 ## - INTERNATIONAL STANDARD BOOK NUMBER
ISBN 674306708
100 ## - MAIN ENTRY--AUTHOR
Author BLAKEY, Fredric Arch
245 ## - TITLE STATEMENT
Title The Florida Phosphate Industry
260 ## - PUBLICATION, DISTRIBUTION, ETC. (IMPRINT)
Place of publication U.S.A
Name of publisher The Resident and Fellows of Harvard
Date of publication 1973
300 ## - COLLATION
Pagination xi,197p.
942 ## - ADDED ENTRY ELEMENTS (KOHA)
Item type Books
050 ## - LIBRARY OF CONGRESS CALL NUMBER
Classification number HD9484
Item number .F74
Holdings
Source of classification or shelving scheme Not for loan Permanent location Current location Date acquired Accession No. Full call number Barcode. Koha item type
Library of Congress Classification   Samuel Ogbemudia Main Library, University of Abuja Samuel Ogbemudia Main Library, University of Abuja 04/24/2025 92-007091 HD9484.F74 2025-1600 Books